000 00179nam a22000857a 4500
082 _a823
100 _aJEFF KINNEY
245 _aDIARY OF A WIMPY KID GREG HAFLEY'S JOURNAL
942 _cBK
999 _c8469
_d8469